书目信息 |
| 题名: |
中国绘画美学史 下
|
|
| 作者: | 陈传席 著 | |
| 分册: | 下 | |
| 出版信息: | 北京 人民美术出版社 1998 |
|
| 页数: | 2 册(659页) | |
| 开本: | 21cm | |
| 丛书名: | ||
| 单 册: | ||
| 中图分类: | J201-092 | |
| 科图分类: | ||
| 主题词: | 绘画--艺术美学--美学史--中国 , 艺术美学--绘画--美学史--中国 , 美学史--中国 | |
| 电子资源: | ||
| ISBN: | 7-102-01911-4 | |
| 000 | 00788nam0 2200229 45 | |
| 005 | 20041010114213.62 | |
| 010 | @a7-102-01911-4@dCNY 24.00 | |
| 100 | @a20020917e20021998ekmy0chiy0121 ea | |
| 101 | 0 | @achi |
| 102 | @aCN@b110000 | |
| 105 | @aak z 000yy | |
| 200 | 1 | @a中国绘画美学史 下@Azhong guo hui hua mei xue shi xia@h下@f陈传席著 |
| 210 | @a北京@c人民美术出版社@d1998@h2002重印 | |
| 215 | @a2 册(659页)@c图@d21cm | |
| 330 | @a本书共分六章: 六朝绘画美学; 唐、五代绘画美学; 宋、元绘画美学; 明代绘画美学; 清代绘画美学; 近现代绘画美学. | |
| 606 | 0 | @a绘画@x艺术美学@x美学史@y中国 |
| 606 | 0 | @a艺术美学@x绘画@x美学史@y中国 |
| 606 | 0 | @a美学史@y中国 |
| 690 | @aJ201-092@v3 | |
| 701 | 0 | @a陈传席@Achen chuan xi@4著 |
| 801 | 0 | @aCN@bQSSK2@c20041010 |
| 905 | @a10447@dJ201-092@eC380:2 | |
| 中国绘画美学史 下.下/陈传席著.-北京:人民美术出版社,1998(2002重印) |
| 2 册(659页):图;21cm |
| ISBN 7-102-01911-4:CNY 24.00 |
| 本书共分六章: 六朝绘画美学; 唐、五代绘画美学; 宋、元绘画美学; 明代绘画美学; 清代绘画美学; 近现代绘画美学. |
| ● |
| 相关链接 |
|
|
|
正题名:中国绘画美学史 下
索取号:J201-092/C380:2
 
预约/预借
| 序号 | 登录号 | 条形码 | 馆藏地/架位号 | 状态 | 备注 |
| 1 | 398279 | 203982798 | 社科库309/309社科库 66排4列6层/ [索取号:J201-092/C380:2] | 在馆 | |
| 2 | 398280 | 203982805 | 自科二线404/309社科库 67排1列5层/ [索取号:J201-092/C380:2] | 在馆 |